<?xml version="1.0" encoding="UTF-8"?>
<record
    xmlns:xsi="http://www.w3.org/2001/XMLSchema-instance"
    xsi:schemaLocation="http://www.loc.gov/MARC21/slim http://www.loc.gov/standards/marcxml/schema/MARC21slim.xsd"
    xmlns="http://www.loc.gov/MARC21/slim">

  <leader>00652cam a2200205   4500</leader>
  <controlfield tag="001">sa 65002049 </controlfield>
  <controlfield tag="003">DLC</controlfield>
  <controlfield tag="005">20260227112114.0</controlfield>
  <controlfield tag="008">880405m19629999xx h          000 0 maro </controlfield>
  <datafield tag="010" ind1=" " ind2=" ">
    <subfield code="a">sa 65002049 </subfield>
  </datafield>
  <datafield tag="040" ind1=" " ind2=" ">
    <subfield code="a">DLC</subfield>
    <subfield code="c">DLC</subfield>
    <subfield code="d">DLC</subfield>
  </datafield>
  <datafield tag="043" ind1=" " ind2=" ">
    <subfield code="a">a-ii---</subfield>
  </datafield>
  <datafield tag="050" ind1="0" ind2="0">
    <subfield code="a">BL1277.84.M35</subfield>
    <subfield code="b">K65</subfield>
  </datafield>
  <datafield tag="100" ind1="1" ind2=" ">
    <subfield code="a">Kolte, Vishnu Bhikaji,</subfield>
    <subfield code="d">1908-</subfield>
  </datafield>
  <datafield tag="245" ind1="1" ind2="0">
    <subfield code="a">Mah&#x101;nubh&#x101;va s&#xE3;&#x15B;odhana.</subfield>
    <subfield code="c">Lekhaka Vish&#x1E47;u Bhik&#x101;j&#x12B; Kolate. Pr&#x101;st&#x101;vika: &#x15A;a&#x1E45;kara D&#x101;modara Pe&#x1E47;&#x1E0D;ase.</subfield>
  </datafield>
  <datafield tag="250" ind1=" " ind2=" ">
    <subfield code="a">[&#x100;vr&#x325;tti pahil&#x12B;].</subfield>
  </datafield>
  <datafield tag="260" ind1=" " ind2=" ">
    <subfield code="a">Malak&#x101;p&#x16B;ra,</subfield>
    <subfield code="b">Aru&#x1E47;a Prak&#x101;&#x15B;ana</subfield>
    <subfield code="c">[1962-&lt;1984   &gt;</subfield>
  </datafield>
  <datafield tag="300" ind1=" " ind2=" ">
    <subfield code="a">&lt;v. 1-2   &gt; facsim. ;</subfield>
    <subfield code="c">19-23 cm.</subfield>
  </datafield>
  <datafield tag="650" ind1=" " ind2="0">
    <subfield code="a">Mahanubhava.</subfield>
  </datafield>
  <datafield tag="999" ind1=" " ind2=" ">
    <subfield code="c">62414</subfield>
    <subfield code="d">62414</subfield>
  </datafield>
</record>
